Complete reference C++ (Record no. 7921)

MARC details
000 -LEADER
fixed length control field 00283nam a2200121Ia 4500
008 - FIXED-LENGTH DATA ELEMENTS--GENERAL INFORMATION
fixed length control field 191201s2014 xx 000 0 und d
100 ## - MAIN ENTRY--PERSONAL NAME
Personal name SCHILDT,Herbert
245 #0 - TITLE STATEMENT
Title Complete reference C++
250 ## - EDITION STATEMENT
Edition statement Rep
260 ## - PUBLICATION, DISTRIBUTION, ETC. (IMPRINT)
Date of publication, distribution, etc 2014
Name of publisher, distributor, etc TMH
Place of publication, distribution, etc NEW DELHI
300 ## - PHYSICAL DESCRIPTION
Extent 1023
942 ## - ADDED ENTRY ELEMENTS (KOHA)
Source of classification or shelving scheme Dewey Decimal Classification
Koha item type Text Books
942 ## - ADDED ENTRY ELEMENTS (KOHA)
-- 10
Holdings
Withdrawn status Lost status Source of classification or shelving scheme Damaged status Not for loan Collection code Home library Current library Date acquired Source of acquisition Cost, normal purchase price Bill Number Total Checkouts Full call number Acc. no. / Barcode Date last seen Date last borrowed Actual Cost, discounted price Bill Date Koha item type Checked out
    Dewey Decimal Classification     BCA PIET C-LIBRARY PIET C-LIBRARY 23/07/2014 Orange Books International 575.00 4540 5 005.133 SSC BC1025 12/06/2024 29/05/2024 402.50 23/07/2014 Text Books  
    Dewey Decimal Classification     BCA PIET C-LIBRARY PIET C-LIBRARY 23/07/2014 Orange Books International 575.00 4540 9 005.133 SSC BC1026 03/07/2024 19/06/2024 402.50 23/07/2014 Text Books  
    Dewey Decimal Classification     BCA PIET C-LIBRARY PIET C-LIBRARY 23/07/2014 Orange Books International 575.00 4540 7   BC1027 12/06/2024 12/06/2024 402.50 23/07/2014 Text Books 26/06/2024

Design & Developed by: PIET Central Library
R70 Miles Stone Pattikalyana Samalkha Panipat 132102
mail ID :- [email protected], Phone No:- 0180-2569700 Ex.216